[Event "POL-ch sf"]
[Site "Poraj "]
[Date "1997.??.??"]
[Round "2"]
[White "Stryjecki, Marek"]
[Black "Helis, Tadeusz"]
[Result "1-0"]
[WhiteElo "2325"]
[BlackElo "2230"]

1.c4 e5 2.g3 Nc6 3.Bg2 g6 4.Nc3 Bg7 5.e4 Nge7 6.Nge2 d6 7.d3 Be6 8.Nd5 O-O
9.O-O f5 10.Be3 Qd7 11.Qd2 Rf7 12.b4 Raf8 13.b5 Nd8 14.Rab1 Nc8 15.exf5 Bxf5
16.Ndc3 Bh3 17.Ne4 Bxg2 18.Kxg2 Ne6 19.f3 Ne7 20.Ng5 Nxg5 21.Bxg5 Nf5 22.g4 Ne7
23.Bxe7 Qxe7 24.Qe3 Qh4 25.Ng3 Bh6 26.Qxa7 b6 27.Qb7 Bf4 28.Qe4 Qg5 29.Ne2 h5
30.h4 Qxh4 31.Qxg6+ Rg7 32.Qe6+ Rff7 33.Qc8+ Rf8 34.Qe6+ Rff7 35.Rh1 Bh2
36.Rxh2 Qg5 37.Rxh5 Qxh5 38.Qe8+ Kh7 39.Rh1 Qxh1+ 40.Kxh1 Rxf3 41.Kg2 Rxd3
42.Ng3 Rd4 43.Kh3 Rxc4 44.Nf5 Rgxg4 45.Qh5+ Kg8 46.Nh6+  1-0

[Event "POL-ch sf"]
[Site "Poraj "]
[Date "1997.??.??"]
[Round "6"]
[White "Stryjecki, Marek"]
[Black "Ehrenfeucht, Wojciech"]
[Result "1-0"]
[WhiteElo "2325"]
[BlackElo "2290"]

1.c4 e5 2.g3 Nf6 3.Bg2 d5 4.cxd5 Nxd5 5.Nc3 Ne7 6.Nf3 Nbc6 7.b4 a6 8.a4 Ng6
9.b5 axb5 10.Nxb5 Bc5 11.Qc2 Bb4 12.Bb2 O-O 13.h4 Re8 14.O-O Bg4 15.d3 Ba5
16.Bc3 Bb6 17.Rfd1 Bxf3 18.Bxf3 Nxh4 19.gxh4 Qxh4 20.e3 Re6 21.Bg2 Rg6 22.Qe2 Qh3
23.Qf1 Qh4 24.d4 Rh6 25.f3 exd4 26.Nxd4 Qh2+ 27.Kf2 Qh4+ 28.Kg1 Qh2+ 29.Kf2 Qh4+
30.Ke2 Re8 31.Nf5 Qc4+ 32.Kd2 Bxe3+ 33.Nxe3 Qc5 34.Nc4 Rhe6 35.Re1 Nd4 36.Rxe6 Nb3+
37.Kd3 Qd5+ 38.Kc2 Nxa1+ 39.Qxa1 Rxe6 40.Qd1 Qf5+ 41.Kb3 h5 42.Bf1 Re8 43.Qd4 f6
44.Bd3 Qxf3 45.Bg6 Rb8 46.Nd2 Qd1+ 47.Bc2 Qg4 48.Qd3 b5 49.a5 b4 50.Qd5+ Kh8
51.Bd4 h4 52.a6 c6 53.a7 Qg3+ 54.Qf3 Ra8 55.Qxg3 hxg3 56.Be4 Kg8 57.Bxc6 Rxa7
58.Bxa7 f5 59.Bb8 g5 60.Bxg3 f4 61.Bf2 Kg7 62.Bf3 Kg6 63.Bd4  1-0

[Event "POL-ch sf"]
[Site "Poraj "]
[Date "1997.??.??"]
[Round "7"]
[White "Cyborowski, Lukasz"]
[Black "Grabarczyk, Bogdan"]
[Result "1/2-1/2"]
[WhiteElo "2370"]
[BlackElo "2460"]

1.c4 e5 2.g3 d6 3.Bg2 f5 4.Nc3 Nf6 5.d3 g6 6.e3 Bg7 7.Nge2 O-O 8.O-O c6 9.b3 Be6
10.Ba3 Re8 11.e4 d5 12.exd5 cxd5 13.Nb5 Nc6 14.d4 e4 15.Nd6 Re7 16.Nf4 Bf7
17.Nxf7 Rxf7 18.Ne6 Qa5 19.Bc5 Re8 20.Nf4 Rd7 21.b4 Qd8 22.Qa4 dxc4 23.Ne2 Nd5
24.Rac1 c3 25.b5 Nce7 26.Nxc3 Nxc3 27.Rxc3 Nd5  1/2-1/2

[Event "EU-chT (Women)"]
[Site "Pula"]
[Date "1997.??.??"]
[Round "5"]
[White "Foisor, Cristina Adela B"]
[Black "Voronova, Tatiana"]
[Result "1-0"]
[WhiteElo "2400"]
[BlackElo "2255"]

1.c4 e5 2.g3 Nc6 3.Bg2 g6 4.Nc3 Bg7 5.Rb1 Nf6 6.b4 O-O 7.d3 h6 8.a4 Ne7 9.Qb3 d6
10.Nf3 Nd7 11.Ba3 Kh7 12.O-O c6 13.Ne4 Nf6 14.Rfd1 Ne8 15.Nc3 f5 16.Nd2 Nc7
17.b5 Ne6 18.bxc6 Nxc6 19.e3 Rf7 20.Qc2 Nc5 21.Nb3 Nxb3 22.Rxb3 Na5 23.Rbb1 Be6
24.Nd5 Rc8 25.Qd2 b6 26.Bb4 e4 27.Bxa5 bxa5 28.Nf4 Bd7 29.dxe4 Bxa4 30.exf5 gxf5
31.Ne6 Qf6 32.Bd5 Bxd1 33.Qxd1 Re7 34.Nf4 Qc3 35.Be6 Rf8 36.Qxd6 Qf6 37.Rb5 Rxe6
38.Qxe6 Qxe6 39.Nxe6 Rf6 40.Nxg7 Kxg7 41.Rxa5 a6 42.Kf1 Kg6 43.Ke2 Rd6 44.c5 Rc6
45.Kd3 Kf6 46.Kd4 Ke6 47.Ra2 Kd7 48.Kd5 Kc7 49.Ra4 Rf6 50.Ke5 Rc6 51.Ra5 Kb7
52.Kxf5 Rc8 53.f4 Rf8+ 54.Kg6  1-0

[Event "EU-chT (Men)"]
[Site "Pula"]
[Date "1997.??.??"]
[Round "9"]
[White "Hoelzl, Franz"]
[Black "Guseinov, Aidyn"]
[Result "*"]
[WhiteElo "2415"]
[BlackElo "2430"]

1.c4 e5 2.g3 Nf6 3.Bg2 d5 4.cxd5 Nxd5 5.Nf3 Nc6 6.O-O Nb6 7.d3 Be7 8.a3 a5
9.b3 Bf6 10.Ne1 e4 11.Ra2 Be6 12.Bb2 a4 13.Bxf6 Qxf6 14.Nd2 axb3 15.Nxe4 Qe7
16.Ra1 Rxa3 17.Rxa3 Qxa3 18.Nc3 O-O 19.Bxc6 bxc6 20.Nf3 Qb4 21.Nb1 Ra8 22.Qc1 c5
23.Ng5 b2 24.Qe3 Nd5 25.Qe4 Qxe4 26.Nxe4 Ra1 27.Kg2 c4 28.dxc4 Nb6 29.c5 Na4
30.Rd1 Kf8 31.Ned2 Nxc5 32.Kf3 Nb3 33.Ne4 Bf5  *

[Event "Recklinghausen"]
[Site "Recklinghausen"]
[Date "1997.??.??"]
[Round "2"]
[White "Bischoff, Klaus"]
[Black "Kishnev, Sergey"]
[Result "1/2-1/2"]
[WhiteElo "2535"]
[BlackElo "2500"]

1.c4 e5 2.g3 g6 3.d4 exd4 4.Qxd4 Nf6 5.Nc3 Nc6 6.Qe3+ Qe7 7.Qxe7+ Bxe7 8.Bd2 b6
9.Bg2 Bb7 10.Nh3 O-O-O 11.Rc1 Rde8 12.O-O Nb4 13.Rfd1 Bxg2 14.Kxg2 Na6 15.f3 c6
16.e4 Nh5 17.g4 Ng7 18.Bh6 Ne6  1/2-1/2

[Event "Santiago op"]
[Site "Santiago de Chile"]
[Date "1997.??.??"]
[Round "8"]
[White "Romero, Claudio"]
[Black "Godoy Bugueno, David A"]
[Result "0-1"]
[WhiteElo "2135"]
[BlackElo "2295"]

1.c4 e5 2.g3 Nf6 3.Bg2 c6 4.Nc3 d6 5.d4 Nbd7 6.e3 g6 7.Nge2 Bg7 8.O-O O-O
9.b3 Re8 10.dxe5 dxe5 11.e4 Qe7 12.h3 a5 13.Be3 Nc5 14.Qc2 Nfd7 15.Kh2 Ne6
16.Rfd1 h5 17.a3 h4 18.g4 Nd4 19.Qb2 Nc5 20.b4 Ncb3 21.Ra2 Be6 22.c5 Red8
23.Re1 Qc7 24.Kh1 b6 25.cxb6 Qxb6 26.bxa5 Qxa5 27.Qb1 Nc5 28.Rd2 Rab8 29.Qd1 Ncb3
30.f4 Nxd2  0-1

[Event "Schwaebisch Gmuend op"]
[Site "Schwaebisch Gmuend"]
[Date "1997.??.??"]
[Round "1"]
[White "Widmaier, Alexander"]
[Black "Pribyl, Martin"]
[Result "0-1"]
[WhiteElo "1765"]
[BlackElo "2320"]

1.c4 e5 2.g3 Nc6 3.Bg2 g6 4.Nc3 Bg7 5.d3 d6 6.Bd2 Nf6 7.Nf3 O-O 8.O-O Bf5
9.a3 a5 10.Rb1 Qd7 11.Qc2 Rfe8 12.b4 axb4 13.axb4 e4 14.b5 Na5 15.Nd4 exd3
16.exd3 Nxc4 17.Rb3 Nxd2 18.Qxd2 Bh3 19.Nde2 Bxg2 20.Kxg2 d5 21.Qc2 h5 22.Rb4 Qd6
23.Rfb1 Ng4 24.Nf4 c6 25.bxc6 Qxc6 26.d4 Rac8 27.Nfe2 Rxe2 28.Qxe2 Qxc3 29.R1b3 Qc6
30.Qf3 Rc7 31.Rb6 Qd7 32.R3b5 Bxd4 33.Rxd5 Bxb6 34.Rxd7 Rxd7 35.Qe2 Nf6 36.Qb5 Bd4
37.h3 b6 38.g4 hxg4 39.hxg4 Rd5 40.Qc6 Kg7 41.f3 b5 42.Kf1 b4 43.Qc4 Bc3
44.Ke2 Rd2+ 45.Ke3 Nd5+ 46.Ke4 f5+  0-1

[Event "Schwaebisch Gmuend op"]
[Site "Schwaebisch Gmuend"]
[Date "1997.??.??"]
[Round "4"]
[White "Scherer, Max"]
[Black "Tukmakov, Vladimir B"]
[Result "0-1"]
[WhiteElo "2215"]
[BlackElo "2580"]

1.c4 e5 2.g3 Nf6 3.Bg2 d5 4.cxd5 Nxd5 5.Nc3 Nb6 6.Nf3 Nc6 7.O-O Be7 8.Rb1 O-O
9.b4 a6 10.a4 Nxb4 11.Nxe5 a5 12.d4 c6 13.e4 Be6 14.Bf4 f6 15.Ng4 Qd7 16.h3 Rad8
17.Be3 Nc4 18.Qe2 Nxe3 19.fxe3 Bd6 20.Kh2 h5 21.Nf2 Qf7 22.Qf3 Bc4 23.Rfd1 h4
24.Nh1 Qg6 25.Bf1 Bxf1 26.Rxf1 Rfe8 27.Kg2 hxg3 28.Qf5 Qh6 29.Nd1 c5 30.Rb2 cxd4
31.exd4 Nd3 32.Rc2 Nf4+ 33.Kxg3 g6 34.Qg4 Rxe4 35.Kf3 f5  0-1

[Event "BUL-ch"]
[Site "Shumen"]
[Date "1997.??.??"]
[Round "8"]
[White "Dovramadjiev, Tihomir"]
[Black "Panbukchian, Valentin"]
[Result "0-1"]
[WhiteElo "2265"]
[BlackElo "2375"]

1.c4 e5 2.g3 Nc6 3.Bg2 g6 4.b3 Bg7 5.Bb2 d6 6.e3 h5 7.h4 Nh6 8.Ne2 Bg4 9.Nbc3 O-O
10.d3 Qd7 11.Qd2 Rfe8 12.Nd5 Rab8 13.Nec3 a6 14.Ne4 Qd8 15.O-O Bd7 16.b4 f5
17.Ng5 Na7 18.d4 c6 19.dxe5 dxe5 20.Rfd1 Be6 21.Nxe6 Rxe6 22.Nc3 Qf8 23.Na4 Rbe8
24.Nc5 R8e7 25.e4 f4 26.Bh3 Qf7 27.Qe2 Nc8 28.Rd7 f3 29.Qc2 Ng4 30.Bxg4 hxg4
31.Rxe7 Rxe7 32.Rd1 Nb6 33.Bc1 Qxc4 34.Rd8+ Kf7 35.Qxc4+ Nxc4 36.Bg5 Bf6
37.Bxf6 Kxf6  0-1

[Event "Pools schev"]
[Site "Singapore"]
[Date "1997.??.??"]
[Round "4"]
[White "Barcenilla, Rogelio"]
[Black "Lukman, Ronny"]
[Result "1-0"]
[WhiteElo "2465"]
[BlackElo "2355"]

1.c4 e5 2.g3 f5 3.Bg2 Nf6 4.Nc3 Nc6 5.d3 Bc5 6.e3 O-O 7.Nge2 Be7 8.a3 Qe8
9.b4 Nd8 10.Qb3 c6 11.a4 d6 12.a5 Rb8 13.Bb2 Nh5 14.b5 c5 15.Nd5 Bg5 16.O-O-O Nf7
17.Nec3 Qd8 18.f4 Bh6 19.Bf3 Nf6 20.Nxf6+ Qxf6 21.Nd5 Qd8 22.Qc3 Be6 23.Kb1 Re8
24.Rdg1 Kf8 25.g4 fxg4 26.Bxg4 Bxd5 27.cxd5 Qf6 28.Qc4 Qh4 29.Be6 exf4 30.exf4 Nd8
31.Rg4 Qh5 32.f5 Nxe6 33.fxe6 Re7 34.Rhg1 g6 35.Rh4 Qe2 36.Rxh6  1-0

[Event "St Heliers op"]
[Site "St Heliers"]
[Date "1997.??.??"]
[Round "4"]
[White "Webster, Andrew"]
[Black "Smallbone, Kieran"]
[Result "1-0"]
[WhiteElo "2415"]
[BlackElo "2105"]

1.c4 e5 2.g3 Nf6 3.Bg2 d5 4.cxd5 Nxd5 5.Nf3 Nc6 6.O-O Nb6 7.d3 Be7 8.a3 O-O
9.Nbd2 a5 10.b3 Be6 11.Bb2 f6 12.Qc2 Qd7 13.Rfd1 Rfd8 14.Rac1 Qe8 15.h3 Qf8
16.Ra1 Qf7 17.e3 Bd5 18.Bc3 Rd7 19.Bf1 Qh5 20.g4 Qf7 21.Be2 Rad8 22.Rdb1 Ra8
23.Nh4 g6 24.Nhf3 Bd6 25.Qb2 Qe7 26.Nc4 Bc5 27.g5 f5 28.Ncxe5 Nxe5 29.Bxe5 Bxf3
30.Bf6 Qe6 31.Bxf3 Rxd3 32.Qc2 Qd6 33.Rd1 Rxd1+ 34.Rxd1 Qf8 35.b4 axb4 36.axb4 Bd6
37.Bb2 Qe7 38.Qb3+ Qf7 39.Qc3 Kf8 40.Bxb7 Ra2 41.Qh8+ Qg8 42.Qf6+ Qf7 43.Qd8+  1-0

[Event "White Nights op"]
[Site "St Petersburg"]
[Date "1997.??.??"]
[Round "?"]
[White "Shushpanov, Vladimir"]
[Black "Sotsky, Alexander"]
[Result "0-1"]
[WhiteElo "2385"]
[BlackElo "2305"]

1.c4 e5 2.g3 Nc6 3.Bg2 d6 4.Nc3 Be6 5.d3 Qd7 6.Rb1 g6 7.b4 Bg7 8.b5 Nd8 9.Nf3 Bh3
10.O-O Ne7 11.Nd5 Bxg2 12.Kxg2 Ne6 13.e4 O-O 14.h4 f5 15.h5 Nc5 16.hxg6 Nxg6
17.Ng5 h6 18.Qh5 Ne7 19.Nh3 Nxd5 20.exd5 f4 21.gxf4 Nxd3 22.fxe5 Nxe5 23.Rb3 Rf5
24.Qe2 Raf8 25.Rg3 Rf3 26.Ng1 Rxg3+ 27.fxg3 Rxf1 28.Qxf1 Qg4 29.Bf4 Ng6 30.Ne2 h5
31.Kh2 h4 32.Qf2 hxg3+ 33.Bxg3 Qxc4 34.Ng1 Qxd5 35.Qxa7 Bd4 36.Qb8+ Nf8 37.Qxc7 Qxa2+
38.Kh1 Qd5+ 39.Kh2 Bc5 40.Qa5 Ne6 41.Qe1 Kf7 42.Nh3 Nd4 43.Qf1+ Ke8 44.Nf4 Qe4
45.Kh3 Nf5 46.Nh5 Kd8 47.Qa1 Qf3 48.Qh8+ Kc7 49.Kh2 Qe2+ 50.Kh3 Qf1+ 51.Kg4 Ne3+
52.Kh4 Qh1+ 53.Kg5 Qd5+ 54.Kh4 Qf5 55.Qg7+ Kb6 56.Bf4 Qxf4+  0-1

[Event "SVK-chT 9798"]
[Site "SVK"]
[Date "1997.??.??"]
[Round "1"]
[White "Dudas, Jan"]
[Black "Kalisky, Vladimir"]
[Result "1-0"]
[WhiteElo "2325"]
[BlackElo "2245"]

1.c4 e5 2.g3 Nc6 3.Bg2 Nf6 4.Nc3 Bb4 5.Nd5 Nxd5 6.cxd5 Nb8 7.Nf3 Qe7 8.e4 O-O
9.O-O d6 10.d4 Ba5 11.b3 Bg4 12.dxe5 Bc3 13.Rb1 Bxe5 14.h3 Bxf3 15.Qxf3 g6
16.Bh6 Bg7 17.Bxg7 Kxg7 18.Qc3+ Kg8 19.Rfe1 Re8 20.f4 c5 21.e5 Nd7 22.e6 Nf8
23.g4 fxe6 24.dxe6 Rad8 25.Bd5 h6 26.Qd3 Kh8 27.f5 Nh7 28.fxg6 Nf6 29.Rf1 Nxd5
30.Qxd5 Qxe6 31.Rf8+ Kg7 32.Qxe6  1-0

[Event "Piatka op"]
[Site "Swidnica"]
[Date "1997.??.??"]
[Round "1"]
[White "Markowski, Tomasz"]
[Black "Praszak, Michal"]
[Result "1-0"]
[WhiteElo "2510"]
[BlackElo "2265"]

1.g3 e5 2.c4 Nc6 3.Bg2 g6 4.Nc3 Bg7 5.d3 Nge7 6.e3 O-O 7.Nge2 Nf5 8.O-O d6
9.Rb1 Be6 10.b4 Qd7 11.b5 Nd8 12.h3 Ne7 13.Kh2 h6 14.a4 f5 15.Nd5 c6 16.bxc6 bxc6
17.Nxe7+ Qxe7 18.Ba3 Qd7 19.a5 Rf7 20.Qa4 g5 21.f4 Rc8 22.Rfd1 Qc7 23.a6 c5
24.Nc3 exf4 25.gxf4 Bd7 26.Nb5 Re7 27.Nxc7 Bxa4 28.Nb5 Nf7 29.Bd5 Rd8 30.Nxd6 Rxd6
31.Bxc5 Rxd5 32.cxd5 Rd7 33.Rb8+ Nd8 34.Rb4 Rxd5 35.Rxa4 gxf4 36.exf4 Ne6
37.Bxa7 Nxf4 38.Be3 Nxd3  1-0

[Event "SWZ-chT9697"]
[Site "SWZ"]
[Date "1997.??.??"]
[Round "?"]
[White "Zueger, Beat"]
[Black "Vulevic, Vjekoslav"]
[Result "1/2-1/2"]
[WhiteElo "2455"]
[BlackElo "2315"]

1.c4 e5 2.g3 Nc6 3.Bg2 Nf6 4.Nc3 Bb4 5.Nd5 a5 6.Nf3 O-O 7.O-O Re8 8.d3 h6
9.Nxb4 axb4 10.e4 d6 11.h3 Ne7 12.Nh4 c5 13.f4 exf4 14.gxf4 Nc6 15.Nf3 Rb8
16.b3 b5 17.Bb2 bxc4 18.bxc4 Bd7 19.Rf2 Nh5 20.f5 Nf6 21.Kh1 Ne5 22.Nxe5 dxe5
23.Qf3 Bc6 24.Rg1 Ra8 25.Bf1 Kf8 26.Qg2 Qd6 27.Qxg7+ Ke7 28.Qg3 Kd7 29.Qh4 Rg8
30.Rxg8 Rxg8 31.Rg2 Rxg2 32.Kxg2 Kc7 33.Kg1 Nd7 34.Be2 Ba4 35.Qe1 Kb6 36.Kh2 Nb8
37.Qd2 Nc6 38.Bd1 Bxd1 39.Qxd1 Qd8 40.Qd2 h5 41.Bc1 f6 42.Qe2 Nd4 43.Qf2 Qa8
44.Be3 Qa3 45.Bxd4 cxd4 46.Qc2 Ka5 47.c5 Qc3 48.Qb3 Qd2+ 49.Kg1 Qe1+ 50.Kg2 h4
51.c6 Qg3+ 52.Kh1 Qxh3+ 53.Kg1 Qg3+ 54.Kh1 Qe1+ 55.Kg2 Qg3+  1/2-1/2

[Event "EU-ch U16"]
[Site "Tallinn"]
[Date "1997.??.??"]
[Round "3"]
[White "Stryjecki, Marek"]
[Black "Kuemin, Simon"]
[Result "1-0"]
[WhiteElo "2320"]
[BlackElo "2155"]

1.c4 e5 2.g3 Nf6 3.Bg2 d5 4.cxd5 Nxd5 5.Nc3 Nb6 6.Nf3 Nc6 7.O-O Be7 8.a3 O-O
9.b4 Be6 10.d3 f6 11.Bb2 a5 12.b5 Nd4 13.Nd2 c6 14.bxc6 Nxc6 15.Rc1 Qd7 16.Nce4 a4
17.Nc5 Bxc5 18.Rxc5 Na5 19.f4 exf4 20.Rxf4 Rfc8 21.Rd4 Rxc5 22.Rxd7 Bxd7
23.Ne4 Rc7 24.Qd2 Nd5 25.Nd6 Be6 26.e4 Nb3 27.Qf2 Ne7 28.Qb6 Rd7 29.Nxb7 Bf7
30.Nd6 Rad8 31.Nxf7 Kxf7 32.Bf1 Rd6 33.Qa7 Nd4 34.Qxa4 Nf3+ 35.Kf2 Nd4 36.Be2 Nxe2
37.Kxe2 Rxd3 38.Qc4+ Kf8 39.Qxd3 Rxd3 40.Kxd3 Ke8 41.Kc4 Kd7 42.Kc5 Kc7 43.e5 fxe5
44.Bxe5+  1-0

[Event "Tatry op"]
[Site "Tatranska Lomnica"]
[Date "1997.??.??"]
[Round "7"]
[White "Ruzicka, Petr"]
[Black "Hlavac, Rudolf"]
[Result "1-0"]
[WhiteElo "2240"]
[BlackElo "2115"]

1.c4 e5 2.g3 Nf6 3.Bg2 d5 4.cxd5 Nxd5 5.Nc3 Nb6 6.Nf3 Nc6 7.O-O Be7 8.d3 O-O
9.Be3 Be6 10.Rc1 f5 11.a3 Bf6 12.Nd2 Nd5 13.Qb3 Na5 14.Bxd5 Nxb3 15.Bxe6+ Kh8
16.Nxb3 Be7 17.Nc5 Bxc5 18.Bxc5 Rf6 19.Bd5 c6 20.Bg2 g5 21.Be3 Rg6 22.Nd1 Qd6
23.Bd2 h5 24.Bb4 Qe6 25.Rc5 Kg8 26.Bc3 Re8 27.Bxe5 b6 28.Rxc6 Qxc6 29.Bxc6 Rxe5
30.Bf3 g4 31.d4  1-0

[Event "Jarleslaget op"]
[Site "Trondheim"]
[Date "1997.??.??"]
[Round "3"]
[White "Hagesaether, Paal Vegard"]
[Black "Hansen, Kasper"]
[Result "1/2-1/2"]
[WhiteElo "2220"]
[BlackElo "2120"]

1.c4 e5 2.g3 Nf6 3.Bg2 c6 4.Nf3 e4 5.Nd4 d5 6.cxd5 Qxd5 7.Nb3 Bb4 8.O-O Qh5
9.a3 Be7 10.f3 exf3 11.exf3 O-O 12.Re1 Be6 13.d4 Qb5 14.N3d2 Na6 15.Nc3 Qb6
16.Nde4 h6 17.b4 Rad8 18.Be3 Nd5 19.Nxd5 Bxd5 20.Qc2 Rde8 21.Rad1 Qd8 22.Qa4 Qa8
23.Bf4 g5 24.Bd6 Bxe4 25.Bxe7 Rxe7 26.fxe4 Nc7 27.d5 cxd5 28.exd5 Rxe1+ 29.Rxe1 Qb8
30.d6 Ne6 31.Rd1 Rd8 32.d7 Nf8 33.Qb5 Qc7 34.Bh3 b6 35.Qd5 Qc3 36.Kh1 Qe3
37.Bg4 Kg7 38.Rd3 Qf2 39.Rf3 Qe1+ 40.Kg2 Qe7 41.Qd4+ f6 42.Re3 Qf7 43.Qd6 Ng6
44.Be6 Qf8 45.Qc7 Qe7 46.Kf2 Ne5 47.h3 Kg6 48.g4 Kg7 49.Bf5 b5 50.Qc5 Qf7
51.Kg3 Rxd7 52.Bxd7 Qxd7 53.a4 bxa4 54.Rc3 Qd2 55.Qxa7+ Kg6 56.Qe3 Qd6 57.Qc5 Qd2
58.Re3 a3 59.Rxa3 Qf4+ 60.Kg2 Qe4+ 61.Kg3 Qf4+ 62.Kg2 Qe4+ 63.Kh2 Nf3+  1/2-1/2

[Event "Jarleslaget op"]
[Site "Trondheim"]
[Date "1997.??.??"]
[Round "7"]
[White "Davies, Nigel R"]
[Black "Hagesaether, Paal Vegard"]
[Result "1-0"]
[WhiteElo "2505"]
[BlackElo "2220"]

1.c4 e5 2.g3 Nc6 3.Nc3 f5 4.Bg2 Nf6 5.e3 Be7 6.d4 d6 7.Nge2 O-O 8.O-O Qe8
9.d5 Nb8 10.b4 a5 11.bxa5 Rxa5 12.Nb5 Bd8 13.a4 Nbd7 14.Ba3 Ra6 15.Nec3 Qg6
16.Na2 Ne4 17.Nb4 Ra8 18.Nd3 b6 19.f4 exf4 20.Nxf4 Qh6 21.Bb2 Ne5 22.Qe2 Re8
23.Nd4 Bg5 24.Nde6 Bxe6 25.dxe6 Ra5 26.Rae1 Rxa4 27.Nd5 Nxc4 28.Bd4 c5 29.Bxe4 fxe4
30.Bc3 Qxe6 31.Nc7 Bxe3+ 32.Kh1 Qd7 33.Qh5 Rc8 34.Qd5+ Kh8 35.Rf7 Qxf7 36.Qxf7 Bh6
37.Ne8  1-0

[Event "Jarleslaget op"]
[Site "Trondheim"]
[Date "1997.??.??"]
[Round "8"]
[White "Hagesaether, Paal Vegard"]
[Black "Westerinen, Heikki MJ"]
[Result "0-1"]
[WhiteElo "2220"]
[BlackElo "2410"]

1.c4 e5 2.g3 Nc6 3.Bg2 g6 4.Nc3 Bg7 5.Rb1 Nf6 6.b4 O-O 7.d3 Ne7 8.Nf3 d5
9.O-O e4 10.dxe4 Nxe4 11.Nxe4 dxe4 12.Ng5 Qxd1 13.Rxd1 f5 14.Bb2 h6 15.Nh3 g5
16.f3 e3 17.Bxg7 Kxg7 18.Kf1 f4 19.gxf4 gxf4 20.Rd4 Nc6 21.Rdd1 Be6 22.Ng1 Rad8
23.Bh3 Bxc4 24.a3 Rd2 25.Ke1 Rfd8 26.Rxd2 Rxd2 27.Rd1 Ra2 28.Bc8 b5 29.Kf1 Kf6
30.Rd7 Rxa3 31.Rxc7 Nxb4  0-1

[Event "ROM-chT"]
[Site "Tusnad"]
[Date "1997.??.??"]
[Round "?"]
[White "Foisor, Cristina Adela B"]
[Black "Zatonskih, Anna"]
[Result "0-1"]
[WhiteElo "2400"]
[BlackElo "2290"]

1.c4 e5 2.g3 g6 3.Nc3 Bg7 4.Bg2 d6 5.d3 f5 6.e3 Nf6 7.Nge2 O-O 8.Rb1 a5 9.O-O c6
10.b3 Be6 11.d4 Qe7 12.d5 Bf7 13.e4 cxd5 14.Nxd5 Nxd5 15.exd5 Nd7 16.Nc3 e4
17.Nb5 Ne5 18.Bb2 Be8 19.a4 Bxb5 20.axb5 Nd3 21.Bxg7 Qxg7 22.Qc2 Rfc8 23.Rfd1 Ne5
24.Ra1 a4 25.Rxa4 Rxa4 26.bxa4 Rxc4 27.Qb3 Qc7 28.Bf1 Rc2 29.Qe3 Ng4 30.Qd4 Nxf2
31.b6 Qc8 32.Rd2 Ng4 33.Kg2 Qc5 34.Kh1 Qxd4 35.Rxd4 Rxh2+ 36.Kg1 Rb2 37.Bb5 Ne5
38.Rd1 e3 39.Rf1 Rxb5 40.axb5 e2  0-1

[Event "ROM-chT"]
[Site "Tusnad"]
[Date "1997.??.??"]
[Round "?"]
[White "Suba, Mihai"]
[Black "Ungureanu, Emil"]
[Result "1-0"]
[WhiteElo "2535"]
[BlackElo "2320"]

1.c4 e5 2.g3 Nc6 3.Nc3 d6 4.e3 Nf6 5.d4 exd4 6.exd4 d5 7.cxd5 Nxd5 8.Bg2 Be6
9.Nge2 Qd7 10.O-O h5 11.h4 O-O-O 12.Be3 Nce7 13.Nf4 Nxf4 14.Bxf4 Nd5 15.Nxd5 Bxd5
16.Rc1 c6 17.Qa4 a6 18.Bxd5 Qxd5 19.Rxc6+ Qxc6 20.Rc1 Qxc1+ 21.Bxc1 Rd7 22.Bf4 f6
23.Qc4+ Kd8 24.Qe6 Be7 25.b4 Rf8 26.d5 Kc8 27.d6 Bd8 28.Be3  1-0

[Event "Tuusula We Onnela"]
[Site "Tuusula"]
[Date "1997.??.??"]
[Round "2"]
[White "Korhonen, Pasi"]
[Black "Maidla, Vallo"]
[Result "0-1"]
[WhiteElo "2145"]
[BlackElo "2380"]

1.c4 e5 2.g3 Nf6 3.Bg2 c6 4.Nc3 Bb4 5.e3 O-O 6.Nge2 Re8 7.O-O d5 8.cxd5 cxd5
9.d4 e4 10.h3 Nc6 11.Nf4 Bxc3 12.bxc3 Na5 13.Kh2 b6 14.Re1 Ba6 15.Bf1 Bxf1
16.Rxf1 Rc8 17.Bd2 Nc4 18.Rb1 Qd7 19.Bc1 Rc6 20.Qa4 Rec8 21.Qd1 Nd6 22.Bd2 Rc4
23.Qb3 R8c6 24.Rfc1 Nde8 25.Qd1 Nc7 26.Rc2 Qf5 27.Be1 Ne6 28.Nxe6 fxe6 29.Rcb2 h5
30.Qe2 Nh7 31.h4 Nf6 32.Kg2 Rc7 33.Rb4 R4c6 34.a4 Ng4 35.Rb5 g5 36.hxg5 Qxg5
37.a5 bxa5 38.Rxa5 h4 39.Rb8+ Kg7 40.Kh3 hxg3 41.f4 Qh5+ 42.Kxg3 e5 43.f5 Qxf5
44.Rc5 Rxc5 45.Qxg4+ Qxg4+ 46.Kxg4 exd4 47.cxd4 R5c6 48.Kf5 Rg6 49.Rd8 Rf7+
50.Ke5 Rg5+ 51.Kd6 Kg6 52.Rg8+ Rg7 53.Re8 Rf5 54.Bg3 Rb7 55.Be5 Rb5 56.Ra8 Rf7
57.Ke6 Rf3 58.Rg8+ Kh5 59.Bf4 Kh4 60.Kf5 Kh3 61.Rg1 a5 62.Ra1 Kg2 63.Ke6 Rxf4
64.exf4 e3 65.f5 e2 66.f6 Kf2 67.f7 Rb8 68.Kxd5 e1=Q 69.Rxe1 Kxe1 70.Ke6 a4  0-1

[Event "JUG Cup (Women)"]
[Site "Ulcinj"]
[Date "1997.??.??"]
[Round "?"]
[White "Miloradovic, Jelena"]
[Black "Saric, Natasa"]
[Result "1/2-1/2"]
[WhiteElo "2105"]
[BlackElo "2115"]

1.c4 e5 2.g3 Nc6 3.Bg2 d6 4.Nc3 Be6 5.d3 Qd7 6.e3 g6 7.Rb1 Bg7 8.b4 Nge7
9.Nd5 Nd8 10.Ne2 c6 11.Nxe7 Qxe7 12.b5 O-O 13.O-O f5 14.Qa4 Bd7 15.Qb4 Re8
16.a4 Ne6 17.Ba3 Bf8 18.Qc3 Qg7 19.a5 Rac8 20.Qd2 Nc5 21.Nc3 g5 22.d4 Ne6
23.bxc6 bxc6 24.Rb7 Rc7 25.Rfb1 Bc8 26.Rxc7 Qxc7 27.d5 cxd5 28.Qxd5 Ba6 29.Nb5 Qxa5
30.Bxd6 Qa2 31.Rd1 Bxb5 32.cxb5 Qxd5 33.Rxd5 Bxd6 34.Rxd6 Kf8 35.Bd5 Rd8
36.Rxd8+ Nxd8 37.e4 f4 38.Kg2 Ke7 39.h4 h6 40.hxg5 hxg5 41.Kf3 fxg3 42.fxg3 Kf6
43.Ke3 Ke7 44.Kd3 Kd6 45.Kc4 Kd7 46.Kb4 Kd6 47.Ka5 Kc5 48.Ka6 g4 49.Kxa7 Kxb5
50.Kb8 Nc6+ 51.Kc7 Nd4 52.Kd6 Ne2 53.Kxe5 Nxg3 54.Kf4 Nxe4  1/2-1/2

[Event "AUT-chT qual"]
[Site "Vienna"]
[Date "1997.??.??"]
[Round "1"]
[White "Pfeiffer, Gregor"]
[Black "Gerhold, Michael"]
[Result "1-0"]
[WhiteElo "2125"]
[BlackElo "2235"]

1.c4 e5 2.g3 Nc6 3.Bg2 g6 4.Nc3 Bg7 5.Nf3 f5 6.d3 Nf6 7.O-O h6 8.Rb1 O-O
9.b4 d6 10.b5 Ne7 11.c5 g5 12.Qb3+ Kh8 13.cxd6 cxd6 14.Ba3 Ng6 15.Nd2 Re8
16.Nc4 Bf8 17.Nd5 Be6 18.Nxf6 Qxf6 19.Bxb7 Rab8 20.Bc6 Rec8 21.Qa4 d5 22.Nd6 Rd8
23.Nb7 Rdc8 24.Nd6 Rd8 25.Nb7 Rdc8 26.Bxf8 Nxf8 27.Nd6 Rd8 28.Nb7 Rdc8 29.Nc5 Rc7
30.Na6 Rbc8 31.Nxc7 Rxc7 32.Qb3 d4 33.Qa3 f4 34.Bg2 g4 35.Qd6 Rc2 36.Rbc1 Rxe2
37.Rc8 Kg7 38.Rc7+ Kh8 39.Bd5 Qf5 40.Qe7  1-0

[Event "Clarin GP op"]
[Site "Villa Martelli"]
[Date "1997.??.??"]
[Round "8"]
[White "Sorokin, Maxim"]
[Black "Llanos, Guillermo"]
[Result "1-0"]
[WhiteElo "2555"]
[BlackElo "2360"]

1.c4 e5 2.g3 g6 3.d4 exd4 4.Qxd4 Nf6 5.Nc3 Nc6 6.Qe3+ Ne7 7.Qe5 Bg7 8.Nd5 Nxd5
9.Qxg7 Rg8 10.Qd4 Nb4 11.Qd2 c5 12.Bg2 Qa5 13.Kf1 Qa6 14.a3 Nbc6 15.Qc3 b5
16.Bg5 Bb7 17.Qe3 f6 18.Bxf6 Rf8 19.cxb5 Rxf6 20.bxa6 Bxa6 21.Qxc5 O-O-O
22.Rc1 Kb8 23.b4 Bb7 24.b5  1-0

[Event "Villalba op"]
[Site "Villalba"]
[Date "1997.??.??"]
[Round "4"]
[White "Suba, Mihai"]
[Black "Soloviov, Sergei"]
[Result "1-0"]
[WhiteElo "2530"]
[BlackElo "2380"]

1.c4 e5 2.g3 Nc6 3.Nc3 d6 4.d3 Be6 5.Bg2 Qd7 6.Rb1 a5 7.a3 g6 8.Nd5 Bg7 9.Qa4 Nge7
10.e3 O-O 11.Ne2 Bf5 12.e4 Nxd5 13.cxd5 Ne7 14.Qc2 Bh3 15.Bxh3 Qxh3 16.Qxc7 Qg2
17.Rg1 Qf3 18.Qxe7 Qxd3 19.Nc3 b5 20.Be3 b4 21.Rd1 Qc4 22.Nb1 Qxe4 23.Qxd6 f5
24.axb4 f4 25.Nd2 Qd3 26.Bc5 f3 27.Qe6+ Kh8 28.Nxf3 Qe4+ 29.Kf1 Rxf3 30.d6 Raf8
31.Qd5 Qf5 32.Kg2 Qd7 33.bxa5 h5 34.Rge1 h4 35.Re4 g5 36.Rb4 h3+ 37.Kg1 Qf5
38.d7 Rxf2 39.Bxf8 Rg2+ 40.Qxg2 hxg2 41.Bxg7+ Kxg7 42.d8=Q  1-0

[Event "Oberliga Wuert9697"]
[Site "Wuerttemberg"]
[Date "1997.??.??"]
[Round "?"]
[White "Banaszek, Marcin"]
[Black "Bauer, Peter"]
[Result "1-0"]
[WhiteElo "2300"]
[BlackElo "2255"]

1.c4 e5 2.g3 Nc6 3.Bg2 g6 4.Nc3 Bg7 5.e4 d6 6.Nge2 h5 7.h3 Be6 8.d3 Qd7 9.Be3 Nge7
10.Nd5 O-O 11.d4 exd4 12.Nxd4 Ne5 13.Rc1 c6 14.Nxe7+ Qxe7 15.b3 f5 16.exf5 Bxf5
17.O-O Qd7 18.f4 Nd3 19.Nxf5 Nxc1 20.Nxg7 Nxa2 21.Qd2 Qxg7 22.Bd4 Qh6 23.Qxa2 h4
24.Qf2 hxg3 25.Qxg3 Kh7 26.Be4 Rae8 27.Bd3 c5 28.Bb2 Qh5 29.f5 g5 30.f6+ Kg8
31.h4 Qxh4 32.Qxh4 gxh4 33.Bg6 Rf7 34.Kf2 a6 35.Bxf7+ Kxf7 36.Rh1 Rh8 37.Kf3 b5
38.Re1 h3 39.Re7+ Kg6 40.Kg4 Rg8 41.Rg7+ Rxg7 42.fxg7  1-0

[Event "Zagreb op"]
[Site "Zagreb"]
[Date "1997.??.??"]
[Round "3"]
[White "Juric, Slaven"]
[Black "Feletar, Darko"]
[Result "0-1"]
[WhiteElo "2220"]
[BlackElo "2330"]

1.g3 e5 2.c4 Nf6 3.Bg2 c6 4.d4 exd4 5.Qxd4 d5 6.Nf3 Be7 7.cxd5 cxd5 8.O-O Nc6
9.Qa4 O-O 10.Bf4 Qb6 11.Qb3 Qxb3 12.axb3 Bf5 13.Rc1 Ne4 14.Ne5 Nd4 15.Rd1 Nxe2+
16.Kf1 Nxf4 17.gxf4 Rac8 18.Bxe4 Bxe4 19.Nc3 f6 20.Nxe4 dxe4 21.Nc4 Bc5 22.Nd6 Rc6
23.Nxe4 Bb6 24.Nc3 a6 25.f5 Re8 26.Rd5 Bc7 27.Rd7 Bxh2 28.Rad1 Rb6 29.Kg2 Be5
30.Nd5 Rxb3 31.Nc7 Bxc7 32.Rxc7 Kh8 33.Rdd7 b5 34.Re7 Rg8 35.Ra7 Rxb2 36.Rxa6 Rc2
37.Kf3 Rc3+ 38.Kf4 Rc4+ 39.Kf3 Rgc8 40.Raa7 Rc3+ 41.Kg4 R8c4+ 42.f4 h5+ 43.Kxh5 Rxf4
44.Kg6 Rg3+ 45.Kf7 Kh7 46.Re1 Kh6 47.Ke6 g6 48.fxg6 Kxg6 49.Ra8 Kg7 50.Ra7+ Kh6
51.Ra8 b4 52.Rf8 Kg7 53.Rf7+ Kg6 54.Rf8 Rg5 55.Rg8+ Kh7 56.Rf8 Kg7 57.Rf7+ Kg6
58.Rf8 Rf3 59.Rg8+ Kh7 60.Rf8 Kg7 61.Rf7+ Kg6 62.Rf8 b3 63.Rg8+ Kh7 64.Rb8 Kg7
65.Rb7+ Kg6 66.Rb8 Kh5 67.Rh1+ Kg4 68.Rb4+ Kg3 69.Rb1 Re5+ 70.Kf7 Ree3 71.Rb6 Rc3
72.Ke6 Rce3+ 73.Kf7 f5 74.Kf6 Kf2 75.Rb2+ Kg3 76.Kg5 Rc3 77.Rb8 f4 78.Kf5 Rfe3
79.Rg8+ Kf3 80.Rgg2 Rc5+  0-1